<?xml version="1.0" encoding="UTF-8"?>
<record
    xmlns:xsi="http://www.w3.org/2001/XMLSchema-instance"
    xsi:schemaLocation="http://www.loc.gov/MARC21/slim http://www.loc.gov/standards/marcxml/schema/MARC21slim.xsd"
    xmlns="http://www.loc.gov/MARC21/slim">

  <leader>00634nam a22001337a 4500</leader>
  <datafield tag="040" ind1=" " ind2=" ">
    <subfield code="c">RUA </subfield>
  </datafield>
  <datafield tag="082" ind1=" " ind2=" ">
    <subfield code="a">AVM NUT 2013 B105 Or.1</subfield>
  </datafield>
  <datafield tag="100" ind1=" " ind2=" ">
    <subfield code="a">NUTH PAGNA</subfield>
  </datafield>
  <datafield tag="245" ind1=" " ind2=" ">
    <subfield code="a">Survey on infectionus diseases of pig in tramkok district, takeo province, (&#x1780;&#x17B6;&#x179A;&#x17A2;&#x1784;&#x17D2;&#x1780;&#x17C1;&#x178F;&#x1796;&#x17B8;&#x1787;&#x17C6;&#x1784;&#x17BA;&#x179A;&#x17B6;&#x178F;&#x178F;&#x17D2;&#x1794;&#x17B6;&#x178F;&#x179B;&#x17BE;&#x1787;&#x17D2;&#x179A;&#x17BC;&#x1780;&#x178A;&#x17C2;&#x179B;&#x1787;&#x17BD;&#x1794;&#x1794;&#x17D2;&#x179A;&#x1791;&#x17C7;&#x200B; &#x1793;&#x17C5;&#x179F;&#x17D2;&#x179A;&#x17BB;&#x1780;&#x178F;&#x17D2;&#x179A;&#x17C6;&#x17B6;&#x1780;&#x1780;&#x17CB; &#x1781;&#x17C1;&#x178F;&#x17D2;&#x178F;&#x178F;&#x17B6;&#x1780;&#x17C2;&#x179C;)</subfield>
  </datafield>
  <datafield tag="260" ind1=" " ind2=" ">
    <subfield code="a">Phnom Penh </subfield>
    <subfield code="b">Rua </subfield>
    <subfield code="c">2013</subfield>
  </datafield>
  <datafield tag="300" ind1=" " ind2=" ">
    <subfield code="a">ix; 53p.</subfield>
    <subfield code="b">ill.</subfield>
    <subfield code="c">29cm.</subfield>
  </datafield>
  <datafield tag="856" ind1=" " ind2=" ">
    <subfield code="u">https://drive.google.com/file/d/196CK6zk3lC_JpbcdmYGO8o4HScNFoFee/view?usp=sharing</subfield>
  </datafield>
  <datafield tag="942" ind1=" " ind2=" ">
    <subfield code="c">AVM</subfield>
  </datafield>
  <datafield tag="999" ind1=" " ind2=" ">
    <subfield code="c">2718</subfield>
    <subfield code="d">2718</subfield>
  </datafield>
  <datafield tag="952" ind1=" " ind2=" ">
    <subfield code="0">0</subfield>
    <subfield code="1">0</subfield>
    <subfield code="2">ddc</subfield>
    <subfield code="4">0</subfield>
    <subfield code="6">AVM_NUT_2013_000000000000000_B105_OR_1</subfield>
    <subfield code="7">0</subfield>
    <subfield code="9">12955</subfield>
    <subfield code="a">LBB</subfield>
    <subfield code="b">LBB</subfield>
    <subfield code="c">B105</subfield>
    <subfield code="d">2015-10-26</subfield>
    <subfield code="l">3</subfield>
    <subfield code="o">AVM NUT 2013 B105 Or.1</subfield>
    <subfield code="p">RUA027772</subfield>
    <subfield code="r">2016-10-07</subfield>
    <subfield code="s">2016-08-31</subfield>
    <subfield code="w">2015-10-26</subfield>
    <subfield code="y">AVM</subfield>
  </datafield>
  <datafield tag="952" ind1=" " ind2=" ">
    <subfield code="0">0</subfield>
    <subfield code="1">0</subfield>
    <subfield code="2">ddc</subfield>
    <subfield code="4">0</subfield>
    <subfield code="6">AVM_NUT_2013_000000000000000_B105_OR_2</subfield>
    <subfield code="7">0</subfield>
    <subfield code="9">12956</subfield>
    <subfield code="a">LBB</subfield>
    <subfield code="b">LBB</subfield>
    <subfield code="c">B105</subfield>
    <subfield code="d">2015-10-26</subfield>
    <subfield code="l">1</subfield>
    <subfield code="o">AVM NUT 2013 B105 Or.2</subfield>
    <subfield code="p">RUA027556</subfield>
    <subfield code="r">2016-07-18</subfield>
    <subfield code="s">2016-07-05</subfield>
    <subfield code="w">2015-10-26</subfield>
    <subfield code="y">AVM</subfield>
  </datafield>
  <datafield tag="952" ind1=" " ind2=" ">
    <subfield code="0">0</subfield>
    <subfield code="1">0</subfield>
    <subfield code="2">ddc</subfield>
    <subfield code="4">0</subfield>
    <subfield code="6">AVM_NUT_2013_000000000000000_B105_OR_3</subfield>
    <subfield code="7">0</subfield>
    <subfield code="9">12957</subfield>
    <subfield code="a">LBB</subfield>
    <subfield code="b">LBB</subfield>
    <subfield code="c">B105</subfield>
    <subfield code="d">2015-10-26</subfield>
    <subfield code="o">AVM NUT 2013 B105 Or.3</subfield>
    <subfield code="p">RUA027766</subfield>
    <subfield code="r">2015-10-26</subfield>
    <subfield code="w">2015-10-26</subfield>
    <subfield code="y">AVM</subfield>
  </datafield>
  <datafield tag="952" ind1=" " ind2=" ">
    <subfield code="0">0</subfield>
    <subfield code="1">0</subfield>
    <subfield code="2">ddc</subfield>
    <subfield code="4">0</subfield>
    <subfield code="6">AVM_NUT_2013_000000000000000_B105_OR_4</subfield>
    <subfield code="7">0</subfield>
    <subfield code="9">12958</subfield>
    <subfield code="a">LBB</subfield>
    <subfield code="b">LBB</subfield>
    <subfield code="c">B105</subfield>
    <subfield code="d">2015-10-26</subfield>
    <subfield code="o">AVM NUT 2013 B105 Or.4</subfield>
    <subfield code="p">RUA027550</subfield>
    <subfield code="r">2015-10-26</subfield>
    <subfield code="w">2015-10-26</subfield>
    <subfield code="y">AVM</subfield>
  </datafield>
  <datafield tag="952" ind1=" " ind2=" ">
    <subfield code="0">0</subfield>
    <subfield code="1">0</subfield>
    <subfield code="2">ddc</subfield>
    <subfield code="4">0</subfield>
    <subfield code="6">AVM_NUT_2013_000000000000000_B105_OR_5</subfield>
    <subfield code="7">0</subfield>
    <subfield code="9">12959</subfield>
    <subfield code="a">LBB</subfield>
    <subfield code="b">LBB</subfield>
    <subfield code="c">B105</subfield>
    <subfield code="d">2015-10-26</subfield>
    <subfield code="l">1</subfield>
    <subfield code="o">AVM NUT 2013 B105 Or.5</subfield>
    <subfield code="p">RUA027910</subfield>
    <subfield code="r">2016-06-07</subfield>
    <subfield code="s">2016-05-18</subfield>
    <subfield code="w">2015-10-26</subfield>
    <subfield code="y">AVM</subfield>
  </datafield>
  <datafield tag="952" ind1=" " ind2=" ">
    <subfield code="0">0</subfield>
    <subfield code="1">0</subfield>
    <subfield code="2">ddc</subfield>
    <subfield code="4">0</subfield>
    <subfield code="6">AVM_NUT_2013_000000000000000_B105_OR_6</subfield>
    <subfield code="7">0</subfield>
    <subfield code="9">12960</subfield>
    <subfield code="a">LBB</subfield>
    <subfield code="b">LBB</subfield>
    <subfield code="c">B105</subfield>
    <subfield code="d">2015-10-26</subfield>
    <subfield code="o">AVM NUT 2013 B105 Or.6</subfield>
    <subfield code="p">RUA011125</subfield>
    <subfield code="r">2015-10-26</subfield>
    <subfield code="w">2015-10-26</subfield>
    <subfield code="y">AVM</subfield>
  </datafield>
  <datafield tag="952" ind1=" " ind2=" ">
    <subfield code="0">0</subfield>
    <subfield code="1">0</subfield>
    <subfield code="2">ddc</subfield>
    <subfield code="4">0</subfield>
    <subfield code="6">AVM_NUT_2013_000000000000000_B105_OR_7</subfield>
    <subfield code="7">0</subfield>
    <subfield code="9">12961</subfield>
    <subfield code="a">LBB</subfield>
    <subfield code="b">LBB</subfield>
    <subfield code="c">B105</subfield>
    <subfield code="d">2015-10-26</subfield>
    <subfield code="l">1</subfield>
    <subfield code="o">AVM NUT 2013 B105 Or.7</subfield>
    <subfield code="p">RUA011196</subfield>
    <subfield code="r">2016-12-19</subfield>
    <subfield code="s">2016-11-29</subfield>
    <subfield code="w">2015-10-26</subfield>
    <subfield code="y">AVM</subfield>
  </datafield>
</record>
